| Поле | Инд. | ПП | Название | Значение |
|---|---|---|---|---|
| Тип записи | a | |||
| Библиографический уровень | m | |||
| 001 | Контрольный номер | b5efbc35ac084fab84acee5f4e0498f0 | ||
| 005 | Дата корректировки | 20250328142000.2 | ||
| 084 | a | Индекс другой классификации/Индекс ББК | 87 | |
| 097 | b | Оператор | Кондратьева | |
| 245 | 10 | a | Заглавие | Вестник Московского университета. Серия 7. Философия |
| n | Номер части/ раздела | 6 | ||
| 260 | c | Дата издания | 2024 | |
| 900 | a | Имя макрообъекта | 0000003851561 | |
| 901 | t | Тип документа | s |